[Event "FRA-ch U12 Girls"]
[Site "Montlucon"]
[Date "2011.04.19"]
[Round "4"]
[White "Gregot, Eva"]
[Black "Guerlain, Melanie"]
[Result "1/2-1/2"]
[WhiteElo "1310"]
[BlackElo "1500"]
[PlyCount "127"]
[EventDate "2011.04.17"]
[EventType "swiss"]
[EventRounds "9"]
[EventCountry "FRA"]
[SourceTitle "CBM 142 Extra"]
[Source "ChessBase"]
[SourceDate "2011.06.27"]
[SourceVersion "1"]
[SourceVersionDate "2011.06.27"]
[SourceQuality "1"]

1. d4 d5 2. c4 dxc4 3. Nc3 e6 4. e4 c5 5. Nf3 Nf6 6. Bg5 Be7 7. Bxc4 a6 8. dxc5 Qxd1+ 9. Rxd1 Nc6 10. e5 Nd7 11. Bxe7 Nxe7 12. b4 b5 13. cxb6 Nxb6 14. Bb3 0-0 15. 0-0 Bb7 16. b5 Rfc8 17. Rd6 Ned5 18. Nxd5 Nxd5 19. bxa6 Bxa6 20. Bxd5 exd5 21. Ra1 Bc4 22. a4 Rc7 23. a5 Rb7 24. h3 Rba7 25. Nd4 h6 26. Nc6 Ra6 27. Re1 Re8 28. e6 fxe6 29. Rexe6 Rxe6 30. Rxe6 Kh7 31. f4 d4 32. Re4 Rxc6 33. Rxd4 Ba6 34. Rd5 Rf6 35. f5 Bc8 36. g4 Bb7 37. Rd7 Bc8 38. Rd5 Ba6 39. Kf2 Kg8 40. Ke3 Kh7 41. Kf4 g6 42. h4 Bc8 43. Re5 Kg7 44. Rc5 Ba6 45. Re5 Bc8 46. Rc5 Ba6 47. Ke5 Rf7 48. Rc6 Re7+ 49. Re6 Rxe6+ 50. fxe6 Bb5 51. g5 hxg5 52. hxg5 Ba6 53. Kd6 Kf8 54. e7+ Ke8 55. Ke6 Bc4+ 56. Kf6 Bd3 57. Ke6 Bf5+ 58. Kf6 Bd3 59. a6 Bxa6 60. Kxg6 Kxe7 61. Kg7 Bd3 62. Kh6 Kf7 63. Kh5 Kg7 64. Kh4 1/2-1/2